[Event "Cuiaba Contaud op"]
[Site "Cuiaba"]
[Date "2023.11.03"]
[Round "3"]
[White "Ricci, Lucas Estremes"]
[Black "Da Silva, Marcelo Batista"]
[Result "1-0"]
[WhiteElo "1550"]
[BlackElo "1800"]
[PlyCount "36"]
[EventDate "2023.11.02"]
[EventType "swiss"]
[EventRounds "7"]
[EventCountry "BRA"]
[SourceTitle "CB46_2023"]
[SourceDate "2023.11.15"]
[SourceVersion "1"]
[SourceVersionDate "2023.11.15"]
[SourceQuality "1"]

1. d4 c5 2. d5 e6 3. c4 exd5 4. cxd5 d6 5. Nc3 Nf6 6. Nf3 g6 7. g3 Bg7 8. Bg2 0-0 9. 0-0 Bd7 10. Bf4 Ne8 11. a4 Qb6 12. Qc2 Nc7 13. e4 Nca6 14. Rfe1 Nb4 15. Qd2 c4 16. Be3 Qc7 17. Bf1 f5 18. Nd4 fxe4 1-0